000 00246nam a22001217a 4500
008 171206b xxu||||| |||| 00| 0 eng d
041 _aeng
080 _a621
100 _a27
101 _aIM
245 _aMENDEL 96
_cJAMES.P
942 _2udc
_cBK
999 _c38798
_d38798